000
00489nam a22001337a 4500
003
SGT
020
_a
8171565921
082
_a
320
_b
B96S
100
_a
शर्मा, रामनाथ
245
_a
भारत में सामाजिक परिवर्तन एवं सामाजिक समस्याए
260
_b
अटलांटिक पब्लिशर्स & डिस्ट्रीब्यूटर्स
_c
1996
300
_a
382
942
_2
ddc
_c
BK
999
_c
29356
_d
29356